|
|
|
|
| LEADER |
00000nam a2200000 a 4500 |
| 001 |
vtls008324348 |
| 003 |
SK-MaSNL |
| 005 |
20260302074324.0 |
| 008 |
190102s1971 xo o 000 0 slo |
| 015 |
|
|
|a SKSNBA1971/08-02053
|
| 035 |
|
|
|a SK01SNK19710016565
|
| 035 |
|
|
|a SKM000019028
|
| 040 |
|
|
|a SNK
|b slo
|c SNK
|e AACR2
|
| 041 |
1 |
|
|a slo
|
| 044 |
|
|
|a xo
|c SK
|
| 080 |
|
|
|a 821.162.4-992
|2 2001
|
| 080 |
|
|
|a 911.2(252)
|2 2001
|
| 100 |
1 |
|
|a Drieň, Ladislav
|4 aut
|4 pht
|9 308244
|
| 245 |
1 |
0 |
|a Zázrak v púšti
|c Ladislav Drieň ; autor fot.: autor
|
| 260 |
|
|
|a Bratislava
|b Mladé letá
|c 1971
|e Trnava
|f Polygrafické závody
|
| 300 |
|
|
|a 149, [48] s. čiast. fareb. fot. príl.
|b fotogr., mp.
|c 21 cm
|
| 366 |
|
|
|e 3000 výt.
|
| 500 |
|
|
|a Vysvetl. Mp. na predsádkach
|
| 521 |
1 |
|
|a Pre čitateľov od 13 rokov
|
| 650 |
0 |
7 |
|a púšte
|2 SNKPH
|9 73567
|
| 655 |
|
7 |
|a cestopisné reportáže
|2 SNKPH
|9 70001
|
| 852 |
|
|
|a Slovenská národná knižnica v Martine
|b 10000
|h SC 27877
|
| 852 |
|
|
|a Slovenská národná knižnica v Martine
|b 10000
|h SC 27877 D1
|
| 958 |
|
|
|a TL
|
| 958 |
|
|
|a RK
|
| 958 |
|
|
|a LX
|
| 958 |
|
|
|a DB
|
| 958 |
|
|
|a OND
|
| 999 |
|
|
|c 1164587
|d 1166517
|
| 952 |
|
|
|a SNK
|b SNK
|y PREZ
|7 0
|o snkSC 27877
|0 0
|1 0
|4 0
|d 2013-05-22
|l 0
|r 2026-02-24 20:45:03
|w 2026-02-24
|
| 952 |
|
|
|a SNK
|b SNK
|y VYP
|7 0
|o snkSC 27877 D1
|0 0
|1 0
|4 0
|d 2013-05-22
|l 0
|r 2026-02-24 20:45:03
|w 2026-02-24
|